Revista Universidad de Guadalajara : invierno 1992 - primavera 1993 /

保存先:
書誌詳細
その他の著者: Castelán Rueda, Roberto (dirección) (dirección)
フォーマット: 図書
言語:スペイン語
出版事項: Guadalajara, México : Universidad de Guadalajara, 1993
タグ: タグ追加
タグなし, このレコードへの初めてのタグを付けませんか!

MARC

LEADER 00000nam^a2200000^a^4500
001 000575952
005 20250521000000.0
009 20260310132419.437
037 |a Acervo ITESO - Biblioteca 
041 |a ESP 
091 |a FGM. 05673 
245 0 0 |a Revista Universidad de Guadalajara :  |b invierno 1992 - primavera 1993 / 
264 1 |a Guadalajara, México :  |b Universidad de Guadalajara,  |c 1993 
300 |a 168 p. 
336 |a texto  |b txt  |2 rdacontenido 
337 |a sin mediación  |b n  |2 rdamedio 
338 |a volumen  |b nc  |2 rdasoporte 
649 |a XX 
700 |a Castelán Rueda, Roberto  |e (dirección) 
910 |a Fondo Efraín González Morfín 
920 |a Impresos - Libros 
930 |a Fondos Especiales 
905 |a 130 
901 |a 0500386487  |b IT2  |c ESL  |i D95561  |u 20250521 
901 |a 0500386469  |b IT2  |c ESL  |i D95562  |u 20250521 
902 |a https://opac.biblio.iteso.mx/vufind/Record/000575952